Hanuman Gurhie Ayodhya incident, 28th July,1855 : (Record no. 55926)

MARC details
000 -LEADER
fixed length control field 00978nam a22002417a 4500
005 - DATE AND TIME OF LATEST TRANSACTION
control field 20110810113757.0
008 - FIXED-LENGTH DATA ELEMENTS--GENERAL INFORMATION
fixed length control field 110810t xxu||||| |||| 00| 0 eng d
010 ## - LCCN (DPL NO)
LC control number ENG-103519
020 ## - INTERNATIONAL STANDARD BOOK NUMBER
International Standard Book Number 9789389965315
Terms of availability 495.00
035 ## - SYSTEM CONTROL NUMBER
System control number EN-87052
037 ## - SOURCE OF ACQUISITION
Source of stock number/acquisition DBAD/PUB
040 ## - CATALOGING SOURCE
Original cataloging agency DPL
Language of cataloging Eng
082 ## - DEWEY DECIMAL CLASSIFICATION NUMBER
Classification number 954.13
100 ## - MAIN ENTRY--PERSONAL NAME
9 (RLIN) 31629
Personal name Surinder Kaur
245 ## - TITLE STATEMENT
Title Hanuman Gurhie Ayodhya incident, 28th July,1855 :
Statement of responsibility, etc by Surinder Kaur [and] Sher Singh
Remainder of title root cause of Babari Masjid dispute /
260 ## - PUBLICATION, DISTRIBUTION, ETC. (IMPRINT)
Place of publication, distribution, etc New Delhi
Name of publisher, distributor, etc Institute of Objective Studies
Date of publication, distribution, etc 2011
270 ## - ADDRESS
City New Delhi
Address 162, Jogabai main Road, Jamia Nagar
Postal code 110025
Telephone number 91-11-26981187
Fax number 91-11-26981104
Electronic mail address manzoor@ndf.vsnl.net.in
300 ## - PHYSICAL DESCRIPTION
Extent vii,178p. :
Dimensions 22cm (pbk)
Other physical details map
650 ## - SUBJECT ADDED ENTRY--TOPICAL TERM
9 (RLIN) 31639
700 ## - ADDED ENTRY--PERSONAL NAME
9 (RLIN) 31640
Personal name Sher Singh
942 ## - ADDED ENTRY ELEMENTS (KOHA)
Source of classification or shelving scheme Dewey Decimal Classification
Item type English Books
Call number suffix SUR
Classification part 954.13
Holdings
Withdrawn status Lost status Source of classification or shelving scheme Damaged status Not for loan Collection code Home library Current library Date acquired Source of acquisition Cost, normal purchase price Total Checkouts Full call number Barcode Date last seen Copy number Cost, replacement price Koha item type
    Dewey Decimal Classification   Not For Loan Non-fiction D.B.Act.Division D.B.Act.Division 24/08/2011 DBAD / PUB 495.00   954.13SUR EN-87052 24/08/2011 1 495.00 English Books

© Delhi Public Library
Hit Counter
free hit counter